000 00606nam a2200193 i 4500
001 23572
003 ES-MaACL
005 20250830035356.0
007 t|
008 021211s1970 sp ||||1| lat d
100 1 _aAlvarez Campos, Sergio.
_920721
245 1 0 _aCorpus Marianum Patristicum /
_cSergius Alvarez Campos.
260 _aBurgos :
_bAldecoa,
_c[1970]
300 _a2 v. ;
_c24 cm.
500 _aPrecede a tít.: Facultas Theologica Hispaniae Septentrionalis.
710 2 _aFacultad de Teología del Norte de España
_94072
852 _aES-MaACL
_jP-1613
_bR.74686
999 _c23572
_d23572